00453cam a22001097a 4500008004000000082003500040100002500075245011600100260005700216300001100273440005900284180718bn.d. xxu||||| |||| 00| 0 eng d aA81x54 In2/71/17/Pt 10 A & B/3 aCensus of India 1971 aPunjab district census handbook, Firozpur: village & town directory, village & townwise primary census abstract aChandigarhbThe Controller, P. & S. Departmentcn.d. a265+p. aCensus of India 1971. Series-17, Punjab. Parts X-A & B